Imaginant, definint, construint : territori i ciutat / OTC, Oficina Tècnica de Cooperació ; elaboració: Lídia García Chicano, Carme Camacho Perea territori i ciutat / OTC, Oficina Tècnica de Cooperació ; elaboració:
Descripción Física:
20 p. : il. col. ; 18 x 25 cm
MARC
| LEADER | 00000nam a2200000Ia 4500 | ||
|---|---|---|---|
| 001 | 12017 | ||
| 008 | 160829s1998 xx 000 0 cat d | ||
| 080 | |a FU-13-57 | ||
| 110 | |a Barcelona (Catalunya : Província). |b Oficina Tècnica de Cooperació |9 53580 | ||
| 245 | |a Imaginant, definint, construint : |b territori i ciutat / OTC, Oficina Tècnica de Cooperació ; elaboració: |b Lídia García Chicano, Carme Camacho Perea | ||
| 260 | |a Barcelona : |b Diputació de Barcelona, Àrea de Cooperació, |c 1998 | ||
| 300 | |a 20 p. : |b il. col. ; |c 18 x 25 cm | ||
| 650 | |a Barcelona. Diputació. Oficina Tècnica de Cooperació | ||
| 700 | |a García Chicano, Lídia |9 20999 | ||
| 700 | |a Camacho Perea, Carme |9 35360 | ||
| 901 | |a Arxiu | ||
| 942 | |n 1 | ||
| 952 | |0 0 |1 0 |4 0 |6 FU1357 |7 1 |9 46864 |a Arxiu |b Arxiu |d 2016-12-01 |l 0 |o FU-13-57 |p 12017 |r 2016-12-01 00:00:00 |w 2016-12-01 |y ARXIU | ||
| 999 | |c 50657 |d 50657 | ||